| 000 | 00629nam a2200229Ia 4500 | ||
|---|---|---|---|
| 005 | 20260320201831.0 | ||
| 008 | 008 262003s9999 xx 000 0 eng d | ||
| 037 | _aEBOOK | ||
| 040 | _aCRL | ||
| 040 | _beng | ||
| 040 | _cCRL | ||
| 041 | _2eng | ||
| 041 | _aeng | ||
| 084 | _qCRL | ||
| 100 |
_aKhlebnikov _91136069 |
||
| 245 | 0 | _aDemystifying Cryptography with OpenSSL 3.0: Discover the best techniques to enhance your network security with OpenSSL 3.0 | |
| 260 | _bIEEE | ||
| 856 | _uhttps://ieeexplore.ieee.org/servlet/opac?bknumber=10162691 | ||
| 942 | _cEBOOK | ||
| 999 |
_c1723797 _d1723797 |
||